A SHORT COURSE IN PHOTOGRAPHY: AN INTRODUCTION TO PHOTOGRAPHIC TECHNIQUE (Record no. 205656)
[ view plain ]
| 000 -LEADER | |
|---|---|
| fixed length control field | 00280nam a2200097Ia 4500 |
| 050 ## - LIBRARY OF CONGRESS CALL NUMBER | |
| Classification number | TR146.L66.C.2 |
| 100 ## - MAIN ENTRY--PERSONAL NAME | |
| Personal name | BARBARA LONDON |
| 245 #2 - TITLE STATEMENT | |
| Title | A SHORT COURSE IN PHOTOGRAPHY: AN INTRODUCTION TO PHOTOGRAPHIC TECHNIQUE |
| 942 ## - ADDED ENTRY ELEMENTS (KOHA) | |
| Koha item type | Long Loan Book |
| Withdrawn status | Lost status | Source of classification or shelving scheme | Damaged status | Not for loan | Collection | Home library | Current library | Shelving location | Date acquired | Inventory number | Total checkouts | Full call number | Barcode | Date last seen | Copy number | Price effective from | Koha item type | Date last checked out |
|---|---|---|---|---|---|---|---|---|---|---|---|---|---|---|---|---|---|---|
| Library of Congress Classification | Science & Technology | Kisii University Library | Kisii University Library | On Display | 07/19/2024 | 58879 | TR 146 .L66 2006 | 037969 | 07/19/2024 | C.4 | 07/19/2024 | Long Loan Book | ||||||
| Library of Congress Classification | Science & Technology | Kisii University Library | Kisii University Library | On Display | 07/19/2024 | 66412 | TR 146 .L66 2006 | 000000004741 | 07/19/2024 | C.10 | 07/19/2024 | Long Loan Book | ||||||
| Library of Congress Classification | Science & Technology | Kisii University Library | Kisii University Library | On Display | 07/19/2024 | 58878 | TR 146 .L66 2006 | 037967 | 07/19/2024 | C.3 | 07/19/2024 | Long Loan Book | ||||||
| Library of Congress Classification | Science & Technology | Kisii University Library | Kisii University Library | On Display | 07/19/2024 | 58882 | 1 | TR 146 .L66 2006 | 037966 | 01/21/2025 | C.7 | 07/19/2024 | Long Loan Book | 01/07/2025 | ||||
| Library of Congress Classification | Science & Technology | Kisii University Library | Kisii University Library | On Display | 07/19/2024 | 55784 | TR 146 .L66 2006 | 037923 | 07/19/2024 | C.2 | 07/19/2024 | Long Loan Book | ||||||
| Library of Congress Classification | Science & Technology | Kisii University Library | Kisii University Library | On Display | 07/19/2024 | 66409 | TR 146 .L66 2006 | 037968 | 07/19/2024 | C.9 | 07/19/2024 | Long Loan Book | ||||||
| Library of Congress Classification | Science & Technology | Kisii University Library | Kisii University Library | On Display | 07/19/2024 | 58881 | TR 146 .L66 2006 | 037965 | 07/19/2024 | C.6 | 07/19/2024 | Long Loan Book | ||||||
| Library of Congress Classification | Science & Technology | Kisii University Library | Kisii University Library | On Display | 07/19/2024 | 58880 | TR 146 .L66 2006 | 037921 | 07/19/2024 | C.5 | 07/19/2024 | Long Loan Book | ||||||
| Library of Congress Classification | Science & Technology | Kisii University Library | Kisii University Library | On Display | 07/19/2024 | 55702 | TR 146 .L66 2006 | 037922 | 07/19/2024 | C.1 | 07/19/2024 | Long Loan Book | ||||||
| Library of Congress Classification | Science & Technology | Kisii University Library | Kisii University Library | On Display | 07/19/2024 | 66408 | TR 146 .L66 2006 | 037970 | 07/19/2024 | C.8 | 07/19/2024 | Long Loan Book | ||||||
| Library of Congress Classification | Science & Technology | Kisii University Library | Kisii University Library | On Display | 07/22/2024 | 67364 | TR 146 .L66 2006 | 000000007754 | 07/22/2024 | C.11 | 07/22/2024 | Long Loan Book |